Capital of Argentine Provinces - Statistics

General Stats
  • This quiz has been taken 51 times
  • The average score is 18 of 24
Answer Stats
Province Capital % Correct
Córdoba Córdoba
100%
Mendoza Mendoza
94%
San Juan San Juan
94%
San Luis San Luis
92%
Santa Fe Santa Fe
92%
Santiago del Estero Santiago del Estero
92%
Autonomous City Buenos Aires
89%
La Rioja La Rioja
89%
Neuquén Neuquén
89%
Salta Salta
89%
Formosa Formosa
86%
Jujuy San Salvador deJujuy
86%
Corrientes Corrientes
83%
Catamarca San Fernando delValle de Catamarca
83%
Buenos Aires La Plata
78%
Tucumán San Miguel deTucumán
78%
Tierra del Fuego Ushuaia
78%
Misones Posadas
58%
Chubut Rawson
56%
Chaco Resistencia
53%
La Pampa Santa Rosa
50%
Entre Ríos Paraná
44%
Santa Cruz Río Gallegos
44%
Río Negro Viedma
42%
No matching quizzes found
Score Distribution
Percent of People with Each Score
Percentile by Number Answered
Your Score History
You have not taken this quiz